|
|
|
|
| LEADER |
00895nam a2200253 a 4500 |
| 001 |
477 |
| 003 |
BD-DhAAL |
| 005 |
20150315115229.0 |
| 008 |
150315s1993 enka b 001 0 eng |
| 010 |
|
|
|a 94103503
|
| 020 |
|
|
|a 0201624400
|
| 040 |
|
|
|a DLC
|c DLC
|d BD-DhAA
|
| 050 |
0 |
0 |
|a HF5549
|b .H3384 1993
|
| 082 |
0 |
0 |
|a 658.3
|2 20
|
| 100 |
1 |
|
|a Harrison, Rosemary.
|9 9670
|
| 245 |
1 |
0 |
|a Human resource management :
|b issues and strategies /
|c Rosemary Harrison.
|
| 260 |
|
|
|a Wokingham, England ;
|a Reading, Mass. :
|b Addison-Wesley,
|c c1993.
|
| 300 |
|
|
|a xvi, 420 p. :
|b ill. ;
|c 24 cm.
|
| 504 |
|
|
|a Includes bibliographical references (p. 385-409) and index.
|
| 541 |
|
|
|e 477
|
| 650 |
|
0 |
|a Personnel management.
|9 9671
|
| 942 |
|
|
|2 ddc
|c BK
|
| 999 |
|
|
|c 34047
|d 34047
|
| 952 |
|
|
|0 0
|1 0
|2 ddc
|4 0
|6 658_300000000000000_HAR
|7 0
|9 53138
|a SCL
|b SCL
|c GEN
|d 2015-03-15
|l 0
|o 658.3 HAR
|p 3020000477
|r 2015-03-15
|t 1
|w 2015-03-15
|y BK
|